|
|
|
|
| LEADER |
01120nam a2200241 i 4500 |
| 003 |
GR-PaULI |
| 005 |
20210117210456.0 |
| 008 |
171011t1994 gr |||g |||| 000 0 gre d |
| 020 |
|
|
|a 9603101869
|
| 040 |
|
|
|a GR-PaULI
|b gre
|c GR-PaULI
|e AACR2
|
| 041 |
1 |
|
|a eng
|h fre
|
| 082 |
0 |
4 |
|2 23
|a 894.350 9
|
| 100 |
1 |
|
|a Kemal, Yashar,
|d 1923-2015
|e συγγραφέας
|9 158212
|
| 245 |
|
0 |
|a Χρώματα της ζωής και της γραφής :
|b συζήτηση με τον Alain Bosquet /
|c Γιασάρ Κεμάλ ; μετάφραση: Μαρία Κουρούκλη
|
| 260 |
|
|
|a Αθήνα :
|b Θεμέλιο,
|c 1994.
|
| 300 |
|
|
|a 167 σ. ;
|c 21 εκ.
|
| 600 |
1 |
4 |
|a Kemal, Yashar,
|d 1923-2015
|9 158212
|
| 700 |
1 |
|
|9 164683
|a Κουρούκλη, Μαρία
|e μεταφραστής
|
| 765 |
0 |
8 |
|i Μετάφραση του:
|t Entretiens avec Alain Bosquet
|
| 942 |
|
|
|2 ddc
|c BK15
|
| 952 |
|
|
|0 0
|1 0
|2 ddc
|4 0
|6 894_350000000000000_9_YAS
|7 0
|9 216036
|a LISP
|b LISP
|c DON
|d 2017-10-11
|e ΒΑΛ
|i 127764
|l 0
|o 894.350 9 YAS
|p 025000245141
|r 2017-10-11 00:00:00
|t 1
|v 2017.00
|w 2017-10-11
|y BK15
|
| 998 |
|
|
|c ΒΑΣΙΛΕΙΟΥ
|d 2017-10
|
| 999 |
|
|
|c 131117
|d 131117
|